<?xml version="1.0" encoding="utf-8"?>
<?xml-stylesheet type='text/xsl' href='./oai2.xsl'?>
<OAI-PMH xmlns="http://www.openarchives.org/OAI/2.0/" xmlns:xsi="http://www.w3.org/2001/XMLSchema-instance" xsi:schemaLocation="http://www.openarchives.org/OAI/2.0/ http://www.openarchives.org/OAI/2.0/OAI-PMH.xsd">
  <responseDate>2026-05-15T22:42:44Z</responseDate>
  <request verb="GetRecord" metadataPrefix="marcxml" identifier="record_kuniweb_2687832">https://kulturerbe.niedersachsen.de/oai</request>
  <GetRecord>
    <record>
      <header>
        <identifier>record_kuniweb_2687832</identifier>
        <datestamp>2026-03-31T19:09:18Z</datestamp>
        <setSpec>slg0175</setSpec>
      </header>
      <metadata>
        <marc:record xmlns:marc="http://www.loc.gov/MARC21/slim" xsi:schemaLocation="http://www.loc.gov/MARC21/slim http://www.loc.gov/standards/marcxml/schema/MARC21slim.xsd">
          <marc:leader>12345nkm  22     uu 4500</marc:leader>
          <marc:controlfield tag="001">2687832</marc:controlfield>
          <marc:controlfield tag="003">http://kuniweb.gbv.de</marc:controlfield>
          <marc:controlfield tag="005">2025-07-31T10:48:55</marc:controlfield>
          <marc:controlfield tag="008">|           ||||||||||||||||||||||</marc:controlfield>
          <marc:datafield tag="245" ind1="1" ind2="0">
            <marc:subfield code="a">Roma: Das alte Gebäude des Archäologischen Institust auf dem Capitol (Casa Tarpea)</marc:subfield>
          </marc:datafield>
          <marc:datafield tag="720" ind1=" " ind2=" ">
            <marc:subfield code="a">Kreisarchiv Otterndorf des Landkreises Cuxhaven</marc:subfield>
          </marc:datafield>
          <marc:datafield tag="720" ind1=" " ind2=" ">
            <marc:subfield code="a">Deutsches Archäologisches Institut. Abteilung Rom</marc:subfield>
          </marc:datafield>
          <marc:datafield tag="655" ind1=" " ind2="7">
            <marc:subfield code="a">Fotografie</marc:subfield>
          </marc:datafield>
          <marc:datafield tag="046" ind1=" " ind2=" ">
            <marc:subfield code="k">2000</marc:subfield>
            <marc:subfield code="k">ca. 2000 - ca. 2010 (Reproduktion im Auftrag der HA-Gesellschaft)</marc:subfield>
            <marc:subfield code="l">2010</marc:subfield>
          </marc:datafield>
          <marc:datafield tag="260" ind1=" " ind2=" ">
            <marc:subfield code="g">2000</marc:subfield>
            <marc:subfield code="g">2010</marc:subfield>
            <marc:subfield code="g">ca. 2000 - ca. 2010 (Reproduktion im Auftrag der HA-Gesellschaft)</marc:subfield>
          </marc:datafield>
          <marc:datafield tag="300" ind1=" " ind2=" ">
            <marc:subfield code="a">Höhe: 177 mm
Breite: 215 mm</marc:subfield>
          </marc:datafield>
          <marc:datafield tag="520" ind1=" " ind2=" ">
            <marc:subfield code="a">Fotografie nach einer Abbildung in "Archäologisches Institut des Deutschen Reiches: 1829-1929" von Gerhard Rodenwaldt (Tafel S. 10), aufgenommen vom Deutschen Archäologischen Institut in Rom im Auftrag der HA-Gesellschaft (Axel Behne) - Teil einer Mappe mit neueren Reprofotografien des DAI nach historischen Gebäudeansichten der Casa Tarpea in Rom aus der Sammlung des DAI im Auftrag des Kreisarchivs Otterndorf (6.3.760).
Eine weitere Reprofotografie der Abbildung im NHA erhalten (6.7.130) (T. Mahler 06/2025)

Stempel:
"Kreisarchiv/ Kranichhaus/ 21762 Otterndorf" o. li. (Stempel des Kreisarchivs Otterndorf auf dem Aufkleber (verso))

Aufkleber/Etikett:
"[Stempel des Kreisarchivs Otterndorf]" o. li. "Vestibül der Casa Tarpea auf dem/ Capitol nach:/ Gerhart Rodenwaldt: Archäolog. Institut des Dt. Reiches 1829-1929, Berlin 1929, Tafel nach S. 10" mittig (Stempel des Kreisarchivs Otterndorf und Bez. von Axel Behne in blauer Tinte auf dem Aufkleber auf der Reprofotografie (verso))

Aufdruck:
"DAS ÄLTESTE INSTITUTSGEBÄUDE AUF DEM CAPITOL" u. mittig (reproduzierte Bildunterschrift der reproduzierten Fotografie)

Quelle:
G. Rodenwaldt, „Archaeologisches Institut des Deutschen Reiches 1829-1929“. de Gruyter, Berlin, 1929. (Tafel nach S. 10)</marc:subfield>
          </marc:datafield>
          <marc:datafield tag="650" ind1="1" ind2=" ">
            <marc:subfield code="a">Grafik, Fotografie &gt; Fotografie</marc:subfield>
          </marc:datafield>
          <marc:datafield tag="773" ind1="0" ind2=" ">
            <marc:subfield code="t">Sammlung und Nachlass Hermann Allmers</marc:subfield>
          </marc:datafield>
          <marc:datafield tag="852" ind1=" " ind2=" ">
            <marc:subfield code="a">Archiv des Landkreises Cuxhaven</marc:subfield>
          </marc:datafield>
          <marc:datafield tag="852" ind1=" " ind2=" ">
            <marc:subfield code="a">Rom</marc:subfield>
          </marc:datafield>
          <marc:datafield tag="" ind1=" " ind2=" ">
            <marc:subfield code="a">Sammlung und Nachlass Hermann Allmers sind Eigentum der Hermann-Allmers-Gesellschaft e. V. und werden in zwei Teilen an zwei Standorten verwahrt:
Die (museale) Sammlung, bestehend aus Mobiliar und Hausgerät, Tafelgemälden, kleineren und größeren Antiken, Gipsabgüssen, kunsthandwerklichen Objekten aus Keramik und Glas und einer kleinen Bibliothek, befindet sich im Allmers-Haus in Rechtenfleth.
Der literarische, grafische und fotografische "Nachlass Hermann Allmers" hingegen ist im Archiv des Landkreises Cuxhaven in Otterndorf deponiert.</marc:subfield>
          </marc:datafield>
          <marc:datafield tag="" ind1=" " ind2=" ">
            <marc:subfield code="a">Namensnennung - Nicht kommerziell - Keine Bearbeitungen 4.0 International (CC BY-NC-ND 4.0)</marc:subfield>
          </marc:datafield>
        </marc:record>
      </metadata>
    </record>
  </GetRecord>
</OAI-PMH>
